| 000 | 03439ncm0a22005171 4500 | ||
|---|---|---|---|
| 001 | RU\NLR\ONIZ\198083 | ||
| 005 | 20250624194711.0 | ||
| 010 | _a5-7779-0538-2 | ||
| 035 | _aRU\NLR\ONIZ\lanatalya\5000002377\20140424163942 | ||
| 035 | _a(NLR Aleph) 010888712 | ||
| 090 |
_a10539974 _c10539974 |
||
| 100 | _a20140424d2005 |||y0rusy50 ca | ||
| 101 | 0 | _arus | |
| 102 | _aRU | ||
| 125 | _azx | ||
| 128 | _act | ||
| 145 | 0 | _ac | |
| 200 | 1 |
_aХатынская поляна _bНоты _e60-летию победы в Великой Отечественной войне посвящается _eкантата для хора, солистов и симф. орк. _fА. В. Сирман _gстихи Н. Кончаловской _gавт. вступ. ст. В. Д. Осипова |
|
| 208 | _aКлавир | ||
| 210 |
_aОмск _cОмГУ _d2005 |
||
| 215 |
_a48 с. _cил. _d30 см |
||
| 300 | _aНа с. 5-6: лит. текст | ||
| 313 | _aСистематизация документа проведена по изданию - Методика классифицирования музыкальных произведений (нотных изданий) по таблицам Библиотечно-библиографических классификаций : метод. рекомендации / Гос. б-ка СССР им. В.И. Ленина.- М., 1977. Индексу ББК методических рекомендаций присваивается код ББК для научных библиотек - LBC/SL | ||
| 327 | 1 |
_a1. Набат : "Люди, внимайте!..." ; _a2. Хатынь : "Хатынь, где твои хаты?..." ; _a3. Вечная память : "На ветру шелестят три берёзки счастливо..." ; _a4. Четыре колодца |
|
| 464 | 0 |
_12001#$aВечная память$e"На ветру шелестят три берёзки счастливо..." _1215##$aС.33-37 _tВечная память |
|
| 464 | 0 |
_12001#$aНабат$e"Люди, внимайте!..." _1215##$aС.7-17 _tНабат |
|
| 464 | 0 |
_12001#$aХатынь$e"Хатынь, где твои хаты?..." _1215##$aС.18-32 _tХатынь |
|
| 464 | 0 |
_12001#$aЧетыре колодца _1215##$aС.38-48 _tЧетыре колодца |
|
| 606 | 1 |
_aХатынь, деревня (Белоруссия) _xМузыкальные интерпретации _jНоты _2nlr_sh |
|
| 606 | 1 |
_aВеликая Отечественная война (1941-1945) в музыке _yСССР _jНоты _2nlr_sh |
|
| 607 |
_aХатынь, деревня (Белоруссия) _2nlr_sh |
||
| 686 |
_aЩ963(2Р=Р)Фп _vLBC/SL _2rubbk |
||
| 700 | 1 |
_9z01790 _aСирман _bА. В. _f1957- _gАлексей Викторович _4230 _7ca |
|
| 702 | 1 |
_9z04790 _aКончаловская _bН. П. _f1903-1988 _gНаталья Петровна _4520 |
|
| 702 | 1 |
_aОсипова _bВ. Д. _cмузыковед _gВалентина Дмитриевна _4075 |
|
| 790 | 1 |
_9z01700 _aSirman _bA. V. _f1957- _gAlexey Viktorovich _4230 |
|
| 790 | 1 |
_9z04702 _aKonchalovskaya _bN. P. _f1903-1988 _gNatalya Petrovna _4520 |
|
| 790 | 1 |
_9z05702 _aOsipova _bV. D. _gValentina Dmitriyevna _4075 |
|
| 801 | 0 |
_aRU _bNLR _c20140424 _gPSBO |
|
| 801 | 1 |
_aRU _bNLR _c20140424 _2rusmarc |
|
| 801 | 2 |
_aRU _bNLR _c20151105 |
|
| 852 |
_aNLR _bМ _j986/395 _p281498 _t1 |
||
| 942 | _cSCORE | ||
| 980 | _aNB | ||
| 980 | _aONIZ | ||